Datum a čas kvízu
20.5
Celkem bodů
Celkový počet nahraných bodů na tomto kvízu bez doplňovacích otázek.
7.
Pořadí na kvízu
Konečné umístění týmu na tomto kvízu.
Zaznamenané odpovědi
| # | Otázka | Odpověď | Body | Výsledky |
|---|---|---|---|---|
| 1. | Praha plánuje přejmenovat námě... | Boris Němcov | 1 | |
| 2. | Ve Spojených státech začaly mi... | Iowa | 0 | |
| 3. | V Praze se minulý týden konal... | Comic Con | 1 | |
| 4. | Svět mobilních telefonů minulý... | Blackberry | 1 | |
| 5. | Letošní 54. Super Bowl, neboli... | Kansas City Chiefs, San Francisco 49ers | 0.5 | |
| 6. | Další díl naší cesty kolem svě... | Ohio, Oklahoma, Oregon | 1 | |
| 7. | Ve kterém roce došlo dne 4. če... | v roce 1776 | 1 | |
| 8. | Fakt, že se ve Spojených státe... | 1A 2D 3B 4C | 0 | |
| 9. | Která řeka "vyřezala" do kraji... | A | 1 | |
| 10. | Ze Spojených států pochází nep... | Katy Perry | 0 |